Výrobní stroje a zařízení v obuvnickém a galanterním průmyslu /

Salvato in:
Dettagli Bibliografici
Autore principale: Čujan, Zdeněk (Autore)
Natura: Libro
Lingua:ceco
Pubblicazione: Brno : Vysoké učení technické v Brně, 1987
Edizione:2.vyd.
Soggetti:
Tags: Aggiungi Tag
Nessun Tag, puoi essere il primo ad aggiungerne!!

MARC

LEADER 00000nam a22000003a 4500
001 stu38311
005 20150617225724.8
008 921013s1987----cs------------------cze-d
040 |a STU  |b slo 
041 0 |a cze 
044 |a cs 
080 |a 685.3 
080 |a 688.3(075.8) 
100 1 |a Čujan, Zdeněk  |4 aut 
245 1 |a Výrobní stroje a zařízení v obuvnickém a galanterním průmyslu /  |c [aut.]Zdeněk Čujan 
250 |a 2.vyd. 
260 |a Brno :  |b Vysoké učení technické v Brně,  |c 1987 
300 |a 198 s 
650 7 |a Obuvníctvo  |2 stusub 
650 7 |a stroje a zariadenia  |2 stusub 
650 7 |a Galantéria  |2 stusub 
996 |b 284M008607  |c M*S-654-1  |l MMKN  |s A  |a 24  |w stu38311_0001